Rússia paises que fazem fronteira - Statistics

Estatísticas Gerais
  • Esse quiz foi jogado 819 vezes
    810 desde o último reset
  • A pontuação média é 12 de 14
Estatísticas das Respostas
Km Pais % Correto
3.645 China
97%
3.441 Mongólia
96%
1.576 Ucrânia
96%
6.846 Cazaquistão
93%
290 Estónia
92%
292 Letônia
91%
227 Lituânia
89%
1.313 Finlândia
87%
959 Bielorrússia
86%
723 Geórgia
79%
18 Coreia do Norte
75%
284 Azerbaijão
74%
432 Polónia
73%
196 Noruega
58%
Nenhum quiz correspondente encontrado
Distribuição das Pontuações
Porcentagem de Pessoas com Cada Pontuação
Percentil de Números Respondidos
Sua Pontuação Histórica
Você não jogou esse quiz desde o último reset